| 000 | 00000nam##2200000za#4500 |
| 001 | 9.589685 |
| 003 | CaOODSP |
| 005 | 20210624195751 |
| 007 | cr ||||||||||| |
| 008 | 150406|2008||||xxc|||||o f|0| 0 eng|d |
| 040 | |aCaOODSP|beng |
| 041 | |aeng |
| 041 | |afre |
| 043 | |an-cn--- |
| 086 | 1 |aFs97-13/1210-PDF |
| 110 | 1 |aCanada. |bDepartment of Fisheries and Oceans. |
| 245 | 10|aPreliminary results from the groundfish and shrimp multidisciplinary survey in August 2008 in the northern Gulf of St. Lawrence / |h[electronic resource]|c[by] H. Bourdages ... [et al.] |
| 260 | |aMont-Joli - Quebec : |bFisheries and Oceans Canada |c2008. |
| 300 | |a88p. |
| 490 | 1 |aCanadian data report of fisheries and aquatic sciences|vNo. 1210 |
| 500 | |aOn t.p. : Maurice Lamontagne Institute, Mont-Joli, Quebec. |
| 590 | |a13-23-Supp|b2013-10-08 |
| 720 | 1 |aBourdages, H. |
| 792 | |tRésultats préliminaires du relevé multidisciplinaire de poissons de fond et de crevette d'août 2008 dans le nord du golfe du Saint-Laurent / |efre|w(CaOODSP)9.589686 |
| 830 | #0|aCanadian data report of fisheries and aquatic sciences ;|vNo. 1210|w(CaOODSP)9.500267 |
| 856 | 40|ahttp://publications.gc.ca|qPDF|s7265 KB|uhttps://publications.gc.ca/collections/collection_2013/mpo-dfo/Fs97-13-1210.pdf|yNo. 1210 |